00207nam a2200085Ia 4500008004100000245003500041260001600076440000600092521002300098140130s9999 xx 000 0 und d cWachtel, RogeraMedal of honor bScholastic, v1 aGrade 7 - Grade 12